000 00915nam a2200169Ia 4500
008 220216s9999 xx 000 0 und d
100 _aLam Lai Van
245 0 _aIntercropping with Hevea in Vietnam
260 _bPapers presented at IRRDB seminar 5-8 November 1996 Sri Lanka p30
520 _aIntercropping with annual and perennial crops in rubber fields, which has contributed to the improvement in the income of rubber growers and also the effective usage of land, has been practised by both estates and smallholdings in Vietnam for a long time. Modified systems, with hedgerow planting techniques, have also been adopted to improve the effectiveness of intercropping in rubber plantations. Social and economic aspects of intercropping with Hevea are discussed.
650 _aHevea
650 _aIntercropping
650 _aVietnam
700 _aPham Thanh Tinh
700 _aPham Thi Dung
942 _cJS
999 _c61532
_d61532